00237nam a2200109Ia 4500008004100000041001200041082001100053100001600064245003500080260000600115650000600121221030s9999 xx 000 0 und d aEnglish a105.23 aN. D. Bhatt 0aMacine Drawingcby N. D. Bhatt c0 aB